000 00627cam a2200205 4500
001 D15202
008 090401t1980 xxu||||| |||| 00| 0 eng d
035 _a(Sirsi) u21027
041 _aeng
050 _a306.52
110 _aRoyal Institution of Chartered Surveyors
_94900
245 _aChartered surveyors in the voluntary housing movement: one-day conference, 30th September 1980
260 _bRICS
_c1980
300 _a4 papers. attendance list. synopses of papers. notes on sp
350 _a0
520 _aFiled in box 1980/41 AB
710 _aGeneral Practice Division
_9752
942 _n0
948 _c04/03/1997
999 _c87911
_d87911